1755: breve testemunho dum sueco

Shranjeno v:
Bibliografske podrobnosti
Glavni avtor: Sternleuw, Frederic Christian (Author)
Format: Knjiga
Jezik:portugalščina
Izdano: Lisboa Casa Portuguesa 1958
Teme:
Oznake: Označite
Brez oznak, prvi označite!

MARC

LEADER 00000nam a2200000 a 4500
001 UCO2218
003 CL-VaPUC
008 000602e19580000PO |||||||||||||||||por|d
082 0 4 |a 914.469  |b STE  |2 21 
100 0 |a Sternleuw, Frederic Christian  |e author  |9 445171 
245 1 0 |a 1755: breve testemunho dum sueco 
300 |a 27 p 
942 |c BK 
945 |d 20000602 00:00:00  |a rherrera 
260 |a Lisboa  |b Casa Portuguesa  |c 1958 
650 0 |a Relatos personales  |9 255122 
650 0 |a Viajes y descripciones  |9 363745 
650 7 |a HISTORIA DE PORTUGAL SIGLO 18  |2 CL-VaPUC  |9 445172 
651 7 |a PORTUGAL  |2 CL-VaPUC  |9 255007 
651 7 |a LISBOA  |2 CL-VaPUC  |9 352870 
583 |a last modification  |c 20160826 12:37:25  |k Rodrigo Vera 
999 |c 288757  |d 288755 
952 |0 0  |1 0  |4 0  |6 914_469000000000000_STE_1958  |7 0  |8 A  |9 336673  |a BIBHIS  |b BIBHIS  |d 2019-11-20  |i 1283669  |o 914.469 STE 1958  |p 1283669  |r 2025-01-20  |w 2019-11-20  |y BK  |k HIS